000 00734nam a2200229 u 4500
005 20240314063649.0
008 141202s2006 es r 000 0 spa d
020 _a8426132375
035 _aUPN01000200967
049 _aI
050 4 _aPS3552 A6.4
_bC5.3 2006
100 1 _aBanks, Kate,
_d1960-
_933486
245 1 0 _aCierra los ojos /
_cKate Banks ; il. Georg Hallensleben ; tr. Elodie Bourgeois.
250 _a2a ed.
260 _aBarcelona, Esp. :
_bJuventud,
_c2006.
300 _a[32] p. :
_bprincipalmente il. col.
534 _pTítulo original:
_tClose your eyes
650 4 _aCuentos infantiles estadounidenses
_910762
650 7 _aLibros ilustrados para niños
_2
_921365
905 _aInfantil
999 _c173068
_d173068